Estatísticas para Os 15 principais países afetados pela Covid-19 - 25 de agosto 2021

Clique aqui para jogar o quiz

Estatísticas Gerais

  • Esse quiz foi jogado 9 vezes
  • A pontuação média é 14 de 26

Estatísticas das Respostas

país% Correto
Brasil
100%
Colômbia
100%
Estados Unidos
100%
França
100%
Rússia
100%
Argentina
88%
Espanha
88%
Índia
88%
Itália
88%
México
88%
Reino Unido
63%
Suécia
63%
Alemanha
50%
Indonésia
50%
Turquia
50%
Israel
38%
Uruguai
38%
Chéquia
25%
Eslovénia
25%
Irão
25%
Países Baixos
25%
Bahrein
13%
Geórgia
13%
Panamá
13%
Estônia
0%
Lituânia
0%

Distribuição das Pontuações

Percentil de Números Respondidos

Porcentagem de Pessoas com Cada Pontuação

Sua Pontuação Histórica

Você não jogou esse quiz